[Event "Russian Women's Higher League 2021"]
[Site "?"]
[Date "2021.06.26"]
[Round "1.23"]
[White "Izbekova, Evdokia"]
[Black "Miroshnik, Ekaterina"]
[Result "1/2-1/2"]
[WhiteElo "1757"]
[BlackElo "2234"]
[Annotator ""]
[Source ""]
[Remark ""]

1.e4 {[%clk 1:30:59]} e5 {[%clk 1:30:55]} 2.Nf3 {[%clk 1:31:25]}
Nc6 {[%clk 1:31:21]} 3.d4 {[%clk 1:31:47]} exd4 {[%clk 1:31:33]}
4.Nxd4 {[%clk 1:32:13]} Nf6 {[%clk 1:31:55]} 5.Nxc6 {[%clk 1:29:27]}
bxc6 {[%clk 1:32:20]} 6.e5 {[%clk 1:29:53]} Qe7 {[%clk 1:32:35]}
7.Qe2 {[%clk 1:30:08]} Nd5 {[%clk 1:32:58]} 8.c4 {[%clk 1:27:52]}
Ba6 {[%clk 1:33:09]} 9.b3 {[%clk 1:27:47]} g6 {[%clk 1:18:21]}
10.Bb2 {[%clk 1:18:23]} Bg7 {[%clk 1:12:13]} 11.g3 {[%clk 1:13:38]}
Nb6 {[%clk 1:01:41]} 12.Bg2 {[%clk 1:10:40]} O-O {[%clk 0:55:42]}
13.O-O {[%clk 1:09:02]} Rfe8 {[%clk 0:51:41]} 14.Re1 {[%clk 1:08:03]}
d5 {[%clk 0:37:36]} 15.Nd2 {[%clk 1:06:08]} Rad8 {[%clk 0:24:45]}
16.Qe3 {[%clk 0:51:21]} Bc8 17.Rac1 Bf5 {[%clk 0:20:25]} 18.f4
{[%clk 0:34:22]} dxc4 {[%clk 0:16:35]} 19.Nxc4 {[%clk 0:32:45]}
Rd3 {[%clk 0:14:13]} 20.Qf2 {[%clk 0:27:55]} Nxc4 {[%clk 0:12:46]}
21.Rxc4 {[%clk 0:28:00]} Red8 {[%clk 0:10:57]} 22.Bd4 {[%clk 0:26:13]}
Be6 {[%clk 0:09:10]} 23.Ra4 {[%clk 0:24:44]} Qd7 {[%clk 0:08:10]}
24.Bxa7 Rd2 {[%clk 0:05:55]} 25.Qc5 {[%clk 0:20:20]} Rd1 {[%clk 0:03:56]}
26.Rae4 {[%clk 0:18:53]} Qd2 {[%clk 0:03:11]} 27.Qf2 {[%clk 0:17:28]}
Qa5 {[%clk 0:02:27]} 28.b4 Rxe1+ {[%clk 0:01:58]} 29.Rxe1 {[%clk 0:14:38]}
Qxb4 30.Bxc6 {[%clk 0:13:07]} Rd2 {[%clk 0:02:02]} 31.Re2 {[%clk 0:10:45]}
Rd1+ {[%clk 0:01:47]} 32.Kg2 {[%clk 0:11:10]} Qc4 {[%clk 0:01:02]}
33.Rc2 {[%clk 0:07:46]} Qd3 {[%clk 0:00:45]} 34.Be3 {[%clk 0:06:31]}
Bd5+ {[%clk 0:00:42]} 35.Bxd5 {[%clk 0:06:51]} Qxd5+ {[%clk 0:01:08]}
36.Qf3 {[%clk 0:07:15]} Qd8 {[%clk 0:00:42]} 37.a4 {[%clk 0:04:25]}
Bf8 {[%clk 0:00:36]} 38.Qe4 {[%clk 0:02:49]} Qb8 {[%clk 0:00:34]}
39.e6 {[%clk 0:02:43]} Qb3 {[%clk 0:00:41]} 40.exf7+ {[%clk 0:03:07]}
Qxf7 41.Qc4 {[%clk 0:01:01]} Qxc4 {[%clk 0:01:07]} 42.Rxc4 Bd6
43.Bc5 {[%clk 0:00:52]} Bxc5 {[%clk 0:00:34]} 44.Rxc5 {[%clk 0:01:19]}
Ra1 {[%clk 0:00:58]} 45.a5 {[%clk 0:01:41]} Ra3 {[%clk 0:00:46]}
46.Kh3 {[%clk 0:01:38]} Ra2 {[%clk 0:00:50]} 47.g4 {[%clk 0:01:07]}
c6 {[%clk 0:01:03]} 48.Kg3 {[%clk 0:01:00]} Ra3+ {[%clk 0:01:22]}
49.Kh4 {[%clk 0:01:23]} Kg7 {[%clk 0:01:08]} 50.f5 {[%clk 0:01:39]}
gxf5 {[%clk 0:00:57]} 51.gxf5 {[%clk 0:02:01]} Kf6 {[%clk 0:00:53]}
52.Rxc6+ {[%clk 0:02:07]} Kxf5 {[%clk 0:01:18]} 53.a6 {[%clk 0:01:57]}
Kf4 {[%clk 0:00:40]} 54.Rb6 {[%clk 0:00:38]} Ra5 {[%clk 0:00:35]}
55.Rf6+ {[%clk 0:00:46]} Ke5 {[%clk 0:00:50]} 56.Rh6 {[%clk 0:00:55]}
Kf4 {[%clk 0:01:05]} 57.Rxh7 {[%clk 0:01:08]} Rxa6 {[%clk 0:01:31]}
58.Rf7+ {[%clk 0:01:34]} Ke5 {[%clk 0:01:49]} 59.Kg5 {[%clk 0:02:01]}
Ra2 {[%clk 0:01:47]} 60.h4 {[%clk 0:02:10]} Rg2+ {[%clk 0:02:13]}
61.Kh6 {[%clk 0:02:36]} Ke6 {[%clk 0:01:55]} 62.Rf3 {[%clk 0:02:27]}
Rg1 {[%clk 0:01:59]} 63.h5 {[%clk 0:02:43]} Rg5 1/2-1/2

[Event "Russian Women's Higher League 2021"]
[Site "?"]
[Date "2021.06.26"]
[Round "1.24"]
[White "Nur-Mukhametova, Alisa"]
[Black "Khmeleva, Anna"]
[Result "1-0"]
[WhiteElo "2233"]
[BlackElo "1640"]
[Annotator ""]
[Source ""]
[Remark ""]

1.Nf3 {[%clk 1:30:44]} Nf6 {[%clk 1:30:39]} 2.g3 {[%clk 1:31:04]}
g6 {[%clk 1:30:58]} 3.Bg2 {[%clk 1:31:27]} Bg7 {[%clk 1:31:21]}
4.O-O {[%clk 1:31:41]} d5 {[%clk 1:30:19]} 5.c4 {[%clk 1:31:47]}
O-O {[%clk 1:30:34]} 6.cxd5 {[%clk 1:32:09]} Nxd5 {[%clk 1:30:45]}
7.d4 {[%clk 1:32:15]} c6 {[%clk 1:22:17]} 8.e4 {[%clk 1:32:13]}
Nc7 {[%clk 1:21:47]} 9.Nc3 {[%clk 1:31:21]} Nd7 {[%clk 1:19:16]}
10.Be3 {[%clk 1:30:07]} e5 {[%clk 1:16:29]} 11.dxe5 {[%clk 1:18:25]}
Nxe5 {[%clk 1:15:49]} 12.Nxe5 {[%clk 1:18:14]} Bxe5 {[%clk 1:15:56]}
13.f4 {[%clk 1:18:04]} Bg7 {[%clk 1:15:18]} 14.Qe2 {[%clk 1:17:20]}
f5 {[%clk 1:11:49]} 15.Rad1 {[%clk 1:13:48]} Qe7 {[%clk 1:11:03]}
16.Qf2 {[%clk 1:13:34]} Qf7 {[%clk 1:04:09]} 17.Bc5 {[%clk 1:11:18]}
Re8 {[%clk 1:04:15]} 18.e5 {[%clk 1:07:58]} Be6 {[%clk 1:03:13]}
19.b3 {[%clk 1:07:28]} a6 {[%clk 1:00:45]} 20.Rd2 {[%clk 1:05:34]}
Bf8 {[%clk 0:55:00]} 21.Rfd1 {[%clk 1:00:37]} Be7 {[%clk 0:53:52]}
22.Na4 {[%clk 0:45:46]} Rad8 {[%clk 0:51:59]} 23.Bxe7 {[%clk 0:43:22]}
Qxe7 {[%clk 0:51:01]} 24.Nc5 {[%clk 0:39:03]} Nd5 {[%clk 0:40:19]}
25.Nxe6 {[%clk 0:37:15]} Qxe6 {[%clk 0:40:25]} 26.Qc5 {[%clk 0:36:35]}
h6 {[%clk 0:32:34]} 27.Bxd5 {[%clk 0:35:29]} cxd5 {[%clk 0:32:42]}
28.Rxd5 {[%clk 0:35:26]} Rc8 {[%clk 0:32:54]} 29.Qd6 {[%clk 0:35:23]}
Rc6 {[%clk 0:26:24]} 30.Qxe6+ {[%clk 0:35:43]} Rcxe6 {[%clk 0:25:19]}
31.Rd7 {[%clk 0:35:43]} b6 {[%clk 0:25:21]} 32.Ra7 {[%clk 0:35:50]}
a5 {[%clk 0:25:11]} 33.Rdd7 {[%clk 0:36:14]} g5 {[%clk 0:25:00]}
34.Rf7 {[%clk 0:35:12]} gxf4 {[%clk 0:24:05]} 35.gxf4 {[%clk 0:35:34]}
Rc8 {[%clk 0:23:25]} 36.Rg7+ {[%clk 0:33:59]} Kh8 {[%clk 0:23:21]}
37.Rh7+ {[%clk 0:33:10]} Kg8 {[%clk 0:23:38]} 38.Rag7+ {[%clk 0:33:24]}
Kf8 {[%clk 0:23:58]} 39.Rc7 {[%clk 0:33:16]} Rxc7 {[%clk 0:23:41]}
40.Rxc7 {[%clk 0:33:42]} Rg6+ {[%clk 0:23:45]} 41.Kf2 {[%clk 0:34:04]}
Rg4 {[%clk 0:24:02]} 42.Kf3 {[%clk 0:34:15]} Rh4 {[%clk 0:24:12]}
43.e6 {[%clk 0:33:22]} Rh3+ {[%clk 0:23:30]} 44.Kg2 {[%clk 0:33:45]}
Re3 {[%clk 0:23:53]} 45.Rf7+ {[%clk 0:32:40]} Kg8 {[%clk 0:23:27]}
46.Rxf5 {[%clk 0:32:53]} Rxe6 {[%clk 0:23:50]} 47.Kf3 {[%clk 0:33:00]}
Kg7 {[%clk 0:22:30]} 48.Rb5 {[%clk 0:33:04]} Rc6 {[%clk 0:21:58]}
49.a4 {[%clk 0:32:42]} Re6 {[%clk 0:20:52]} 50.Kg4 {[%clk 0:32:00]}
Rg6+ {[%clk 0:20:49]} 51.Kf5 {[%clk 0:32:18]} Rf6+ {[%clk 0:21:09]}
52.Ke5 {[%clk 0:32:29]} Kg6 {[%clk 0:20:58]} 53.f5+ {[%clk 0:28:29]}
Rxf5+ {[%clk 0:20:05]} 54.Kd6 {[%clk 0:28:52]} Rf2 {[%clk 0:20:14]}
55.h4 {[%clk 0:27:58]} Rh2 {[%clk 0:20:04]} 56.Kc7 {[%clk 0:27:20]}
Rxh4 {[%clk 0:20:20]} 57.Kxb6 {[%clk 0:27:44]} Rf4 {[%clk 0:20:08]}
58.Kxa5 {[%clk 0:27:03]} h5 {[%clk 0:19:44]} 59.Rb6+ {[%clk 0:26:31]}
Kg5 {[%clk 0:18:53]} 60.Rb8 {[%clk 0:26:28]} Rf6 {[%clk 0:17:46]}
61.Rg8+ {[%clk 0:26:22]} Rg6 {[%clk 0:17:00]} 62.Re8 {[%clk 0:26:24]}
h4 {[%clk 0:16:54]} 63.b4 {[%clk 0:26:24]} h3 {[%clk 0:16:30]}
64.b5 {[%clk 0:26:20]} h2 {[%clk 0:16:23]} 65.Re1 {[%clk 0:26:45]}
Kf6 {[%clk 0:16:20]} 66.Rh1 {[%clk 0:27:04]} Ke7 {[%clk 0:16:18]}
67.Rxh2 {[%clk 0:27:25]} Kd7 {[%clk 0:16:44]} 68.Rc2 {[%clk 0:27:44]}
Rg8 {[%clk 0:16:59]} 69.b6 {[%clk 0:28:07]} 1-0

[Event "Russian Women's Higher League 2021"]
[Site "?"]
[Date "2021.06.26"]
[Round "1.25"]
[White "Asatryan, Maria"]
[Black "Nosacheva, Mariya"]
[Result "0-1"]
[WhiteElo "1621"]
[BlackElo "2226"]
[Annotator ""]
[Source ""]
[Remark ""]

1.d4 {[%clk 1:30:58]} Nf6 {[%clk 1:30:50]} 2.Nf3 {[%clk 1:31:24]}
g6 {[%clk 1:31:14]} 3.c4 {[%clk 1:31:50]} Bg7 {[%clk 1:31:41]}
4.g3 {[%clk 1:32:16]} O-O {[%clk 1:32:05]} 5.Bg2 {[%clk 1:32:43]}
c5 {[%clk 1:32:27]} 6.Nc3 {[%clk 1:32:56]} cxd4 {[%clk 1:32:45]}
7.Nxd4 {[%clk 1:33:20]} Qc7 {[%clk 1:32:59]} 8.b3 {[%clk 1:31:30]}
d5 {[%clk 1:32:55]} 9.Ncb5 {[%clk 1:27:39]} Qb6 {[%clk 1:18:49]}
10.Bf4 {[%clk 1:17:35]} Ng4 {[%clk 1:10:07]} 11.c5 {[%clk 0:46:56]}
Qf6 {[%clk 0:49:19]} 12.Nc7 {[%clk 0:35:47]} e5 13.Nf3 {[%clk 0:32:46]}
exf4 {[%clk 0:43:49]} 14.Rc1 {[%clk 0:33:02]} Na6 {[%clk 0:42:51]}
15.Nxa8 {[%clk 0:31:21]} fxg3 {[%clk 0:35:00]} 16.hxg3 {[%clk 0:31:02]}
Be6 {[%clk 0:33:54]} 17.c6 {[%clk 0:25:22]} Rxa8 {[%clk 0:33:41]}
18.cxb7 {[%clk 0:19:37]} Rb8 {[%clk 0:32:21]} 19.Qd3 {[%clk 0:16:30]}
Nb4 {[%clk 0:28:24]} 20.Qb5 {[%clk 0:16:37]} Qe7 {[%clk 0:28:45]}
21.Qc5 {[%clk 0:07:37]} Qxb7 {[%clk 0:25:17]} 22.Qa5 {[%clk 0:05:47]}
Nc6 {[%clk 0:22:06]} 23.Qa4 {[%clk 0:04:52]} Nce5 {[%clk 0:20:40]}
24.O-O {[%clk 0:01:22]} Qb6 {[%clk 0:18:20]} 25.Nd4 {[%clk 0:00:36]}
Bd7 {[%clk 0:18:35]} 26.Qa3 {[%clk 0:00:33]} Qxd4 {[%clk 0:18:42]}
27.Qd6 {[%clk 0:00:55]} Qb6 {[%clk 0:17:27]} 28.Qxd5 {[%clk 0:00:49]}
Be6 {[%clk 0:14:44]} 29.Qe4 {[%clk 0:30:27]} Rd8 {[%clk 0:42:34]}
30.Rfd1 {[%clk 0:00:34]} Rxd1+ {[%clk 0:42:45]} 31.Rxd1 {[%clk 0:01:01]}
Qxf2+ {[%clk 0:41:41]} 32.Kh1 {[%clk 0:01:17]} Qxg3 {[%clk 0:42:04]}
33.Qa8+ {[%clk 0:01:00]} Bf8 {[%clk 0:42:25]} 34.Kg1 {[%clk 0:01:24]}
Kg7 {[%clk 0:40:42]} 0-1

[Event "Russian Women's Higher League 2021"]
[Site "?"]
[Date "2021.06.27"]
[Round "2.1"]
[White "Borisova, Ekaterina"]
[Black "Bodnaruk, Anastasia"]
[Result "0-1"]
[WhiteElo "2304"]
[BlackElo "2446"]
[Annotator ""]
[Source ""]
[Remark ""]

1.d4 {[%clk 1:30:58]} Nf6 {[%clk 1:30:55]} 2.c4 {[%clk 1:31:24]}
g6 {[%clk 1:31:13]} 3.g3 {[%clk 1:31:49]} c6 {[%clk 1:30:28]}
4.Nf3 {[%clk 1:32:04]} Bg7 {[%clk 1:30:12]} 5.Bg2 {[%clk 1:32:29]}
O-O {[%clk 1:29:52]} 6.O-O {[%clk 1:32:55]} d5 {[%clk 1:30:15]}
7.b3 {[%clk 1:33:21]} a5 {[%clk 1:28:51]} 8.Bb2 {[%clk 1:33:07]}
a4 {[%clk 1:28:13]} 9.bxa4 {[%clk 1:33:21]} dxc4 {[%clk 1:19:07]}
10.Ne5 {[%clk 1:33:40]} Be6 {[%clk 1:18:02]} 11.Nd2 {[%clk 1:25:27]}
Qa5 {[%clk 1:13:06]} 12.Ndxc4 {[%clk 1:25:33]} Qxa4 {[%clk 1:13:11]}
13.Qd3 {[%clk 1:22:31]} Nbd7 {[%clk 1:06:10]} 14.Rfc1 {[%clk 1:22:45]}
Nxe5 {[%clk 1:01:47]} 15.dxe5 {[%clk 1:16:35]} Rfd8 {[%clk 0:48:30]}
16.Qc3 {[%clk 1:11:37]} Bxc4 {[%clk 0:44:53]} 17.Qxc4 {[%clk 1:12:03]}
Rd1+ {[%clk 0:44:31]} 18.Bf1 {[%clk 1:12:28]} Qxc4 {[%clk 0:41:35]}
19.Rxc4 {[%clk 1:12:21]} Rxa1 {[%clk 0:42:02]} 20.Bxa1 {[%clk 1:12:47]}
Nd7 {[%clk 0:41:59]} 21.Rb4 {[%clk 1:06:59]} b5 {[%clk 0:35:35]}
22.Bg2 {[%clk 1:06:12]} Rxa2 {[%clk 0:35:46]} 23.Bb2 {[%clk 1:06:37]}
Ra6 {[%clk 0:31:18]} 24.f4 {[%clk 1:06:24]} Nc5 {[%clk 0:28:41]}
25.Kf2 {[%clk 1:00:11]} f6 {[%clk 0:22:37]} 26.Rd4 {[%clk 0:59:41]}
Ne6 {[%clk 0:17:44]} 27.Rd7 {[%clk 1:00:02]} Kf7 {[%clk 0:17:52]}
28.Rb7 {[%clk 0:59:03]} fxe5 {[%clk 0:16:27]} 29.fxe5 {[%clk 0:59:28]}
Ra2 {[%clk 0:14:23]} 30.Bc3 {[%clk 0:59:37]} Rc2 {[%clk 0:14:21]}
31.Bb4 {[%clk 1:00:01]} Bf8 {[%clk 0:10:47]} 32.Ke3 {[%clk 0:59:20]}
Rc4 {[%clk 0:10:12]} 33.Ba5 {[%clk 0:58:41]} Bg7 {[%clk 0:07:55]}
34.Bc7 {[%clk 0:56:34]} Bh6+ {[%clk 0:06:09]} 35.Kf2 {[%clk 0:56:37]}
Rc3 {[%clk 0:05:47]} 36.Bf3 {[%clk 0:54:16]} Nc5 {[%clk 0:03:26]}
37.Rb6 {[%clk 0:52:29]} Be3+ {[%clk 0:03:45]} 38.Kg2 {[%clk 0:52:53]}
Ne6 {[%clk 0:03:45]} 39.Rb7 {[%clk 0:53:18]} Bh6 {[%clk 0:00:43]}
40.Bd6 {[%clk 1:14:47]} Bf8 {[%clk 0:31:11]} 41.e3 {[%clk 1:15:09]}
Ng5 {[%clk 0:22:04]} 42.Bg4 {[%clk 1:15:00]} Rxe3 {[%clk 0:20:12]}
43.Rc7 {[%clk 1:14:25]} Ne6 {[%clk 0:15:56]} 44.Ra7 {[%clk 1:14:39]}
h5 {[%clk 0:15:23]} 45.Bh3 {[%clk 1:14:47]} Rc3 {[%clk 0:08:50]}
46.Rb7 {[%clk 1:13:35]} Nd4 {[%clk 0:07:17]} 47.Bc8 {[%clk 1:13:31]}
Rc2+ {[%clk 0:07:23]} 48.Kh3 {[%clk 1:13:33]} g5 {[%clk 0:04:51]}
49.g4 {[%clk 1:13:21]} h4 {[%clk 0:04:28]} 50.Bb8 {[%clk 1:13:32]}
Nf3 {[%clk 0:03:47]} 51.e6+ {[%clk 1:13:56]} Kg6 {[%clk 0:03:53]} 0-1

[Event "Russian Women's Higher League 2021"]
[Site "?"]
[Date "2021.06.27"]
[Round "2.2"]
[White "Galliamova, Alisa"]
[Black "Chernyak, Viktoria"]
[Result "1/2-1/2"]
[WhiteElo "2442"]
[BlackElo "2315"]
[Annotator ""]
[Source ""]
[Remark ""]

1.d4 {[%clk 1:30:57]} d5 {[%clk 1:30:56]} 2.c4 {[%clk 1:31:20]}
e6 {[%clk 1:31:20]} 3.Nf3 {[%clk 1:31:18]} Nf6 {[%clk 1:31:44]}
4.Nc3 {[%clk 1:28:14]} a6 {[%clk 1:31:17]} 5.cxd5 {[%clk 1:17:34]}
exd5 {[%clk 1:31:38]} 6.g3 {[%clk 1:16:27]} Bd6 {[%clk 1:28:45]}
7.Bg2 {[%clk 1:16:16]} O-O {[%clk 1:28:25]} 8.O-O {[%clk 1:16:33]}
c6 {[%clk 1:27:52]} 9.Ne1 {[%clk 1:11:28]} Bf5 {[%clk 1:24:52]}
10.f3 {[%clk 1:10:05]} c5 {[%clk 1:15:03]} 11.Bg5 {[%clk 0:57:05]}
h6 {[%clk 1:11:11]} 12.Be3 {[%clk 0:45:07]} Qe7 {[%clk 1:08:29]}
13.Bf2 {[%clk 0:42:18]} Rd8 {[%clk 1:05:10]} 14.Nd3 {[%clk 0:41:08]}
cxd4 {[%clk 0:59:02]} 15.Bxd4 {[%clk 0:41:31]} Nc6 {[%clk 0:54:34]}
16.Bb6 {[%clk 0:41:07]} Rd7 {[%clk 0:50:58]} 17.Na4 {[%clk 0:34:42]}
Re8 {[%clk 0:45:27]} 18.Rf2 {[%clk 0:33:54]} Bxd3 {[%clk 0:43:19]}
19.exd3 {[%clk 0:32:23]} Bc7 {[%clk 0:33:01]} 20.Bc5 {[%clk 0:31:17]}
Bd6 {[%clk 0:31:48]} 21.Bb6 {[%clk 0:31:13]} Bc7 {[%clk 0:28:39]}
22.Bc5 {[%clk 0:31:37]} Bd6 {[%clk 0:24:38]} 23.Bb6 {[%clk 0:31:27]}
Bc7 {[%clk 0:23:40]} 24.Bc5 {[%clk 0:31:49]} 1/2-1/2

[Event "Russian Women's Higher League 2021"]
[Site "?"]
[Date "2021.06.27"]
[Round "2.3"]
[White "Goltseva, Ekaterina"]
[Black "Garifullina, Leya"]
[Result "0-1"]
[WhiteElo "2272"]
[BlackElo "2399"]
[Annotator ""]
[Source ""]
[Remark ""]

1.Nf3 {[%clk 1:30:49]} Nf6 {[%clk 1:30:40]} 2.c4 {[%clk 1:31:00]}
b6 {[%clk 1:24:31]} 3.Nc3 {[%clk 1:27:07]} Bb7 {[%clk 1:24:33]}
4.Qc2 {[%clk 1:18:37]} c5 {[%clk 1:17:57]} 5.e4 {[%clk 1:17:42]}
e6 {[%clk 1:16:08]} 6.e5 {[%clk 1:07:07]} Ng4 {[%clk 1:13:07]}
7.h3 {[%clk 1:05:43]} Nh6 {[%clk 1:11:49]} 8.Ne4 {[%clk 0:39:41]}
d6 {[%clk 0:58:58]} 9.d4 {[%clk 0:34:27]} Nf5 {[%clk 0:57:31]}
10.Bg5 {[%clk 0:29:33]} Qc7 {[%clk 0:51:31]} 11.exd6 {[%clk 0:17:20]}
Bxd6 {[%clk 0:43:01]} 12.Nxd6+ {[%clk 0:14:41]} Qxd6 {[%clk 0:41:20]}
13.d5 {[%clk 0:13:32]} h6 {[%clk 0:37:15]} 14.Bd2 {[%clk 0:13:28]}
Ne7 {[%clk 0:33:06]} 15.Bc3 {[%clk 0:09:17]} O-O {[%clk 0:27:21]}
16.Be5 {[%clk 0:08:14]} Qd7 {[%clk 0:26:24]} 17.d6 {[%clk 0:05:30]}
Ng6 {[%clk 0:25:55]} 18.Qc3 {[%clk 0:03:17]} Nxe5 {[%clk 0:25:10]}
19.Qxe5 {[%clk 0:03:28]} Bxf3 {[%clk 0:24:52]} 20.gxf3 {[%clk 0:03:55]}
Nc6 {[%clk 0:25:05]} 21.Qg3 {[%clk 0:03:59]} Rad8 {[%clk 0:22:43]}
22.Rg1 {[%clk 0:03:15]} f5 {[%clk 0:22:25]} 23.O-O-O {[%clk 0:03:25]}
Nd4 {[%clk 0:22:18]} 24.Bd3 {[%clk 0:01:16]} Rf7 {[%clk 0:16:02]}
25.Qf4 {[%clk 0:01:10]} Kf8 {[%clk 0:14:29]} 26.Rg6 {[%clk 0:01:03]}
Qxd6 {[%clk 0:14:49]} 27.Qe3 {[%clk 0:01:13]} Qc6 {[%clk 0:10:04]}
28.Bc2 {[%clk 0:00:39]} Rdd7 {[%clk 0:08:22]} 29.Rdg1 {[%clk 0:00:46]}
Qxf3 {[%clk 0:06:35]} 30.Rxe6 {[%clk 0:00:57]} Qxe3+ {[%clk 0:06:58]}
31.Rxe3 {[%clk 0:01:24]} Rde7 {[%clk 0:07:21]} 32.Rg6 {[%clk 0:01:04]}
f4 {[%clk 0:07:04]} 33.Rxe7 {[%clk 0:00:45]} Rxe7 {[%clk 0:07:30]}
34.Bd3 {[%clk 0:00:52]} Re6 {[%clk 0:07:04]} 35.Rg4 {[%clk 0:01:11]}
g5 {[%clk 0:07:28]} 36.h4 {[%clk 0:00:38]} Re1+ {[%clk 0:06:27]}
37.Kd2 {[%clk 0:01:05]} Nf3+ {[%clk 0:06:52]} 38.Kc2 {[%clk 0:01:17]}
Nxh4 {[%clk 0:07:15]} 39.Kd2 {[%clk 0:01:02]} Nf3+ {[%clk 0:07:32]}
40.Kc2 {[%clk 0:31:28]} Kf7 {[%clk 0:37:48]} 41.Rg2 {[%clk 0:31:33]}
Kf6 {[%clk 0:38:07]} 42.a3 {[%clk 0:31:11]} h5 0-1

[Event "Russian Women's Higher League 2021"]
[Site "?"]
[Date "2021.06.27"]
[Round "2.4"]
[White "Guseva, Marina"]
[Black "Solozhenkina, Elizaveta"]
[Result "1-0"]
[WhiteElo "2386"]
[BlackElo "2306"]
[Annotator ""]
[Source ""]
[Remark ""]

1.d4 Nf6 2.c4 e6 3.Nf3 b6 4.a3 Bb7 5.Nc3 d5 6.cxd5 Nxd5 7.Qc2
Nxc3 8.bxc3 c5 9.e4 Nd7 10.Bf4 Rc8 11.d5 c4 12.dxe6 fxe6 13.Rd1
Qf6 14.Rxd7 Kxd7 15.Bg5 Bxe4 16.Qd1+ Bd6 17.Bxf6 gxf6 18.Be2
Ke7 19.O-O e5 20.Nd2 Bd5 21.Bg4 Rc7 22.Nf3 Be4 23.Nh4 Rd8 24.Nf5+
Bxf5 25.Bxf5 Bxa3 26.Qh5 Rf8 27.Qxh7+ Rf7 28.Qg8 1-0

[Event "Russian Women's Higher League 2021"]
[Site "?"]
[Date "2021.06.27"]
[Round "2.5"]
[White "Bivol, Alina"]
[Black "Shafigullina, Zarina"]
[Result "1-0"]
[WhiteElo "2374"]
[BlackElo "2244"]
[Annotator ""]
[Source ""]
[Remark ""]

1.e4 {[%clk 1:30:46]} c5 {[%clk 1:30:35]} 2.Nf3 {[%clk 1:31:08]}
d6 {[%clk 1:31:00]} 3.Bb5+ {[%clk 1:31:33]} Bd7 {[%clk 1:31:25]}
4.Bxd7+ {[%clk 1:30:08]} Qxd7 {[%clk 1:31:50]} 5.c4 {[%clk 1:29:57]}
Nf6 {[%clk 1:28:26]} 6.Nc3 {[%clk 1:29:58]} Nc6 {[%clk 1:28:35]}
7.d4 {[%clk 1:28:10]} cxd4 {[%clk 1:28:56]} 8.Nxd4 {[%clk 1:28:32]}
g6 {[%clk 1:29:02]} 9.f3 {[%clk 1:28:50]} Bg7 {[%clk 1:28:57]}
10.Be3 {[%clk 1:29:15]} O-O {[%clk 1:28:15]} 11.Qd3 {[%clk 1:22:21]}
a6 {[%clk 1:24:27]} 12.O-O {[%clk 1:20:25]} Ne5 {[%clk 1:22:40]}
13.Qe2 {[%clk 1:20:46]} Rac8 {[%clk 1:20:53]} 14.b3 {[%clk 1:21:04]}
b5 {[%clk 1:19:11]} 15.Nd5 {[%clk 1:20:36]} Nxd5 {[%clk 1:19:19]}
16.cxd5 {[%clk 1:20:53]} e6 {[%clk 1:18:30]} 17.dxe6 {[%clk 1:16:59]}
fxe6 {[%clk 1:18:48]} 18.Rad1 {[%clk 1:15:31]} Nc6 {[%clk 1:05:54]}
19.Qf2 {[%clk 1:15:24]} Nxd4 {[%clk 0:54:58]} 20.Bxd4 {[%clk 1:15:48]}
Rc6 {[%clk 0:54:38]} 21.Bxg7 {[%clk 1:04:00]} Qxg7 {[%clk 0:54:55]}
22.Qg3 {[%clk 1:03:54]} Qa7+ {[%clk 0:50:57]} 23.Kh1 {[%clk 1:03:55]}
Qc5 {[%clk 0:50:36]} 24.Qh4 {[%clk 1:02:36]} Rc7 {[%clk 0:49:36]}
25.Qg3 {[%clk 0:54:07]} Rc6 {[%clk 0:49:15]} 26.h3 {[%clk 0:54:18]}
Qa3 {[%clk 0:40:14]} 27.f4 {[%clk 0:45:42]} Qb2 {[%clk 0:20:13]}
28.Qg4 {[%clk 0:33:44]} Rf6 {[%clk 0:15:48]} 29.e5 {[%clk 0:30:45]}
dxe5 {[%clk 0:12:08]} 30.Rd8+ {[%clk 0:30:49]} Kf7 {[%clk 0:11:03]}
31.Rd7+ {[%clk 0:28:42]} Ke8 {[%clk 0:10:50]} 32.Qd1 {[%clk 0:28:53]}
Qa3 {[%clk 0:08:12]} 33.Rd8+ {[%clk 0:28:01]} Kf7 {[%clk 0:08:37]}
34.fxe5 {[%clk 0:28:10]} Rf5 {[%clk 0:05:33]} 35.g4 {[%clk 0:27:52]}
Rxf1+ {[%clk 0:03:38]} 36.Qxf1+ {[%clk 0:28:13]} Kg7 {[%clk 0:04:05]}
37.Rd7+ {[%clk 0:28:23]} 1-0

[Event "Russian Women's Higher League 2021"]
[Site "?"]
[Date "2021.06.27"]
[Round "2.6"]
[White "Nosacheva, Mariya"]
[Black "Belenkaya, Dina"]
[Result "0-1"]
[WhiteElo "2226"]
[BlackElo "2341"]
[Annotator ""]
[Source ""]
[Remark ""]

1.e4 {[%clk 1:30:57]} c6 {[%clk 1:30:53]} 2.d4 {[%clk 1:31:23]}
d5 {[%clk 1:31:18]} 3.e5 {[%clk 1:31:50]} Bf5 {[%clk 1:30:57]}
4.h4 {[%clk 1:32:12]} a6 {[%clk 1:30:16]} 5.g4 {[%clk 1:24:34]}
Bd7 {[%clk 1:30:04]} 6.h5 {[%clk 1:24:42]} c5 {[%clk 1:25:09]}
7.c3 {[%clk 1:24:47]} Nc6 {[%clk 1:24:32]} 8.f3 {[%clk 1:18:33]}
f6 {[%clk 1:19:41]} 9.exf6 {[%clk 1:01:00]} gxf6 {[%clk 1:17:32]}
10.dxc5 {[%clk 0:59:03]} Qc7 {[%clk 1:16:53]} 11.Be3 {[%clk 0:57:57]}
O-O-O {[%clk 1:14:06]} 12.Ne2 {[%clk 0:57:12]} e5 {[%clk 1:03:12]}
13.Na3 {[%clk 0:57:26]} e4 {[%clk 0:57:19]} 14.Qxd5 {[%clk 0:52:57]}
exf3 {[%clk 0:46:40]} 15.Nd4 {[%clk 0:52:43]} Bh6 {[%clk 0:27:42]}
16.Bxh6 {[%clk 0:47:49]} Qg3+ {[%clk 0:27:14]} 17.Kd2 {[%clk 0:46:32]}
Nxh6 {[%clk 0:09:54]} 18.Nc4 {[%clk 0:42:10]} Qf4+ {[%clk 0:07:58]}
19.Kd1 {[%clk 0:42:35]} Nxg4 {[%clk 0:04:25]} 0-1

[Event "Russian Women's Higher League 2021"]
[Site "?"]
[Date "2021.06.27"]
[Round "2.7"]
[White "Charochkina, Daria"]
[Black "Nur-Mukhametova, Alisa"]
[Result "1-0"]
[WhiteElo "2333"]
[BlackElo "2233"]
[Annotator ""]
[Source ""]
[Remark ""]

1.d4 {[%clk 1:30:57]} Nf6 {[%clk 1:30:28]} 2.Bf4 {[%clk 1:31:15]}
g6 {[%clk 1:30:37]} 3.Nc3 {[%clk 1:31:35]} d5 {[%clk 1:30:13]}
4.e3 {[%clk 1:31:51]} Bg7 {[%clk 1:30:23]} 5.h4 {[%clk 1:32:11]}
h6 {[%clk 1:26:27]} 6.Be2 {[%clk 1:32:03]} O-O {[%clk 1:25:03]}
7.Nf3 {[%clk 1:32:11]} c5 {[%clk 1:23:36]} 8.Nb5 {[%clk 1:32:15]}
Na6 {[%clk 1:22:34]} 9.c3 {[%clk 1:32:03]} cxd4 {[%clk 1:18:58]}
10.exd4 {[%clk 1:29:03]} Bg4 {[%clk 1:14:50]} 11.Ne5 {[%clk 1:21:59]}
Bxe2 {[%clk 1:14:07]} 12.Qxe2 {[%clk 1:22:22]} Ne4 {[%clk 1:08:56]}
13.f3 {[%clk 1:03:11]} Nd6 {[%clk 1:06:05]} 14.Ng4 {[%clk 1:03:31]}
Nf5 {[%clk 0:54:04]} 15.Kf2 {[%clk 0:53:26]} Re8 {[%clk 0:37:33]}
16.Ne5 {[%clk 0:53:40]} Nd6 {[%clk 0:31:03]} 17.a4 {[%clk 0:52:21]}
Nb8 {[%clk 0:28:07]} 18.Qd2 {[%clk 0:48:15]} h5 {[%clk 0:20:03]}
19.g4 {[%clk 0:46:07]} a6 {[%clk 0:16:31]} 20.Na3 {[%clk 0:42:25]}
hxg4 {[%clk 0:15:31]} 21.Nxg4 {[%clk 0:29:55]} Nc6 {[%clk 0:08:33]}
22.h5 {[%clk 0:29:18]} Nf5 {[%clk 0:07:30]} 23.Rag1 {[%clk 0:25:01]}
Qb6 {[%clk 0:01:48]} 24.hxg6 {[%clk 0:12:07]} fxg6 {[%clk 0:01:47]}
25.Nh6+ {[%clk 0:12:23]} Nxh6 {[%clk 0:01:56]} 26.Bxh6 {[%clk 0:11:04]}
Bf6 {[%clk 0:01:53]} 27.Qc2 {[%clk 0:09:10]} Kf7 {[%clk 0:01:09]}
28.a5 {[%clk 0:07:57]} Nxa5 {[%clk 0:00:43]} 29.Qxg6+ {[%clk 0:08:22]}
Ke6 {[%clk 0:01:06]} 30.Re1+ {[%clk 0:06:48]} Kd7 {[%clk 0:01:26]}
31.Qf5+ {[%clk 0:06:39]} e6 {[%clk 0:01:29]} 32.Qxf6 {[%clk 0:06:52]}
Qxb2+ {[%clk 0:01:54]} 33.Re2 {[%clk 0:04:15]} Qxa3 {[%clk 0:02:23]}
34.Rg1 {[%clk 0:01:49]} Qd6 {[%clk 0:01:58]} 35.Rg7+ {[%clk 0:01:35]}
Kc6 {[%clk 0:01:15]} 36.Bf4 {[%clk 0:01:36]} Rf8 {[%clk 0:00:46]}
37.Rc7+ {[%clk 0:01:09]} Kb5 {[%clk 0:00:34]} 38.Rb2+ {[%clk 0:01:08]}
Ka4 {[%clk 0:01:02]} 39.Qg6 {[%clk 0:00:54]} Qa3 {[%clk 0:00:57]}
40.Qc2+ {[%clk 0:30:52]} Nb3 {[%clk 0:31:17]} 41.Bd6 {[%clk 0:28:55]} 1-0